00362nam a2200145Ia 4500003000400000005001700004008004100021040000700062041001200069082001700081100002500098245003700123260004300160300001300203OSt20250923184513.0210423s1981 xx 000 0 und d cAL aEnglish a303.6b SHEB aRajshekar Shetty V T aBrahminismb: the curse of India aBangalorebDalit Sahitya Academyc1981 av,26bPB